| 000 | 00824nam a2200265Ia 4500 | ||
|---|---|---|---|
| 003 | OSt | ||
| 005 | 20220923211205.0 | ||
| 006 | a|||||r|||| 00| 0 | ||
| 007 | ta | ||
| 008 | 220922b |||||||| |||| 00| 0 san d | ||
| 020 |
_a8190363921 (hbk) _c250 |
||
| 024 | _a266,227 | ||
| 037 |
_b56, 12/06/2012, Eastern Book Linkers _cTextual |
||
| 040 |
_aARTS _cARTS _bsan |
||
| 041 |
_2san _asan |
||
| 082 | _aR693x1,1, 152Q1 | ||
| 100 |
_aउमास्वामी _9159342 |
||
| 245 | 0 | _aतत्त्वार्थसूत्र | |
| 246 | _aTattvārthasūtra | ||
| 260 | _c2011 | ||
| 300 |
_a163पृ0 _ccm. |
||
| 650 | _aभारतीय दर्शन | ||
| 942 |
_hR693x1,1, 152Q1 _cTEXL _2CC |
||
| 999 |
_c296567 _d296567 |
||